Don't Get Whammied by the Presidents - Statistics

General Stats
  • This quiz has been taken 98 times
  • The average score is 9 of 15
Answer Stats
Clue President % Correct
First African-American president Barack Obama
99%
Second president John Adams
92%
He resigned from the office of president Richard Nixon
92%
Only president to be unanimously elected George Washington
89%
Only president to serve more than two terms Franklin D. Roosevelt
86%
This president was impeached twice Donald Trump
81%
First president to serve non-consecutive terms Grover Cleveland
77%
He supervised the invasion on Normandy Dwight Eisenhower
67%
Only president born in Arkansas Bill Clinton
63%
President with the shortest term William Henry Harrison
63%
Youngest person to become US president Theodore Roosevelt
39%
Only president to never marry James Buchanan
33%
This president had a PhD Woodrow Wilson
29%
Last president to be neither Democrat nor Republican Millard Fillmore
24%
This president has an original proof of the Pythagorean Theorem James Garfield
13%
No matching quizzes found
Score Distribution
Percent of People with Each Score
Percentile by Number Answered
Your Score History
You have not taken this quiz